000
00286 a2200109 4500
001
ART_7171
005
20260410161623.0
008
260409a
245
1
0
_a
Absorción de pérdidas
100
1
_a
Piñeiro, Horacio
773
0
_t
Enfoques
_g
- Nº 7 (jul. 2011)
_w
REV416
999
_c
11699
_d
11699